000 00677nam a2200181Ia 4500
008 100921s9999 xx 000 0 und d
082 _b35408
_a891.463 न 02
100 _aकुलकर्णी लता.
245 _aशुद्ध बीजापोटी.
260 _bकिर्ती प्रकाशन,औरंगाबाद.
_c2002
300 _a208
_bरसिक साहित्य,पुणे
365 _b160
520 _aललित-कादंबरी.
630 _aशुद्ध बीजापोटी.
650 _aललित-कादंबरी.
730 _aशुद्ध बीजापोटी.
942 _cBOOK
999 _c784521
_d784518